000 02081cam a22005054i 4500
001 u48999
003 PE-LiUPU
005 20250731173355.0
008 150706s1998 ck a r 000 0 spa d
020 _a1576975045
035 _a(Sirsi) i9781576975046
040 _aPE-LiUPU
_bspa
_cPE-LiUPU
_erda
049 _aPRUA
082 0 4 _a220.7
_bD5
_221
245 0 0 _aDescubre la Biblia /
_ceditado por Edesio Sánchez.
264 1 _a[Colombia] :
_bSociedades Biblicas Unidas,
_c1998.
300 _a421 páginas ;
_c21 centímetros
336 _atext
_2rdacontent
337 _aunmediated
_2rdamedia
338 _avolume
_2rdacarrier
505 0 _aLa Biblia -- El contexto de la Biblia -- Texto y canon -- Exégesis e interpretación -- Lingüística y método de traducción.-La Biblia en castellano.
526 _aSEG42
526 _aSEG41
526 _aSEG40
526 _aSEG39
526 _aP94
526 _aP87
526 _aP86
526 _aP85
526 _aP77
526 _aP76
526 _aP35
541 _g001-002141;
596 _a1 2
630 _aBilbia
_xComentarios.
700 1 _aSánchez, Edesio,
_eeditor.
910 _agl
_bjv
_cng
_d20101026
942 _2ddc
_cBOOK
994 _aC0
_bPEPRU
949 _a220.7 D5
_wDEWEY
_c1
_i62215
_d2018-4-26
_e2016-5-15
_f2018-2-8
_g2
_lCCODEBUL1
_mBUL
_n1
_p8.00
_q1
_r0
_sY
_tBOOK
_u2015-7-6
_xTEOLOGIA
_PP35
_0COMPRA
_o.STAFF. Colección Teología
949 _a220.7 S21 1998
_wDEWEY
_c1
_iFT01999
_lCCODEBUT1
_mBUT
_r0
_sY
_tBOOK
_u2015-10-22
_xBIBLIOTECA
_PP35
_0DONACION
_o.STAFF. Colección General
999 _a220.7 D5
_wDEWEY
_c51297
_i62215
_d51297
_e2019-9-30
_f2021-11-11
_g5
_lCCODEBUL1
_mBUL
_n5
_p8.00
_q2
_r0
_sY
_tBOOK
_u2015-7-6
_xTEOLOGIA
_PP35
_0COMPRA
_o.STAFF. Colección Teología
999 _a220.7 S21 1998
_wDEWEY
_c1
_iFT01999
_f2019-2-20
_g1
_lCCODEBUT1
_mBUT
_r0
_sY
_tBOOK
_u2015-10-22
_xBIBLIOTECA
_PP35
_0DONACION
_o.STAFF. Colección General
980 _81
_gALBERTO SANCHEZ Responsable de Automatización